| 000 | 01016nam a2200325 i 4500 | ||
|---|---|---|---|
| 001 | 008140459 | ||
| 003 | EG-ScBUE | ||
| 005 | 20230515115548.0 | ||
| 008 | 010402r20212000enk f 000 0 eng d | ||
| 020 | _a9781861890764 | ||
| 040 |
_aStDuBDS _beng _erda _dUk _cEG-ScBUE |
||
| 041 | 1 |
_aeng _hger |
|
| 082 | 0 | 4 |
_a770.1 _222 _bFLU |
| 100 | 1 |
_aFlusser, Vilém, _d1920-1991, _eauthor. |
|
| 240 | 1 | 0 |
_aFür eine Philosophie der Fotografie. _lEnglish |
| 245 | 1 | 0 |
_aTowards a philosophy of photography / _cVilém Flusser. |
| 250 | _aReprint edition. | ||
| 264 | 1 |
_aLondon : _bReaktion Books Ltd, _c2021. |
|
| 300 |
_a94 pages ; _c20 cm |
||
| 336 |
_atext _2rdacontent _btxt |
||
| 337 |
_aunmediated _2rdamedia _bn |
||
| 338 |
_avolume _2rdacarrier _bnc |
||
| 546 | _aTranslated from the German. | ||
| 650 | 7 |
_aPhotography _xPhilosophy. _2BUEsh |
|
| 653 |
_bART _cMay2023 |
||
| 655 | _vReading book | ||
| 942 |
_2ddc _cBB |
||
| 999 |
_c30382 _d30353 |
||